[Event "WDR Match TV g/60"]
[Site "Cologne"]
[Date "2005.08.21"]
[Round "?"]
[White "Pfleger, Helmut"]
[Black "Hort, Vlastimil"]
[Result "1/2-1/2"]
[WhiteElo "2477"]
[BlackElo "2510"]
[PlyCount "64"]
[EventDate "2005.08.21"]
[EventType "game"]
[EventRounds "1"]
[EventCountry "GER"]
[SourceTitle "CBM 108 Extra"]
[Source "ChessBase"]
[SourceDate "2005.11.04"]
[SourceVersion "1"]
[SourceVersionDate "2005.11.04"]
[SourceQuality "1"]

1. d4 Nf6 2. Nf3 d5 3. g3 Bf5 4. c4 c6 5. cxd5 cxd5 6. Nc3 Nc6 7. Bg2 e6 8. 0-0 Be7 9. Bg5 h6 10. Bxf6 Bxf6 11. e3 0-0 12. Rc1 Qa5 13. Nd2 Rfc8 14. Nb3 Qd8 15. a3 Be7 16. Na4 Na5 17. Nac5 Rab8 18. Nxa5 Qxa5 19. Nxb7 Qb6 20. Nc5 Qxb2 21. Qa4 Rc7 22. Nd3 Qb6 23. Rxc7 Qxc7 24. Rc1 Qb6 25. Bf1 Bxd3 26. Bxd3 Bf8 27. Kg2 a5 28. Rb1 Qc7 29. Rxb8 Qxb8 30. Qxa5 Qb3 31. Bb5 Qxa3 32. Qxa3 Bxa3 1/2-1/2

[Event "AUT-chT2O 9798"]
[Site "Austria"]
[Date "1997.11.09"]
[Round "3"]
[White "Lechtynsky, Jiri"]
[Black "Pfleger, Helmut"]
[Result "1/2-1/2"]
[WhiteElo "2425"]
[BlackElo "2480"]
[PlyCount "23"]
[EventDate "1997.??.??"]
[EventType "team"]
[EventRounds "13"]
[EventCountry "AUT"]
[SourceTitle "EXT 1999"]
[Source "ChessBase"]
[SourceDate "1998.11.16"]
[SourceVersion "1"]
[SourceVersionDate "1998.11.16"]
[SourceQuality "1"]

1. Nf3 d5 2. d4 Nf6 3. c4 c6 4. cxd5 cxd5 5. Nc3 e6 6. Bf4 Bd6 7. Bg3 0-0 8. e3 Nc6 9. Bd3 a6 10. Rc1 Qc7 11. 0-0 Bxg3 12. hxg3 1/2-1/2

[Event "Bundesliga 9596"]
[Site "Germany"]
[Date "1996.??.??"]
[Round "?.1"]
[White "Pfleger, Helmut"]
[Black "Khalifman, Alexander"]
[Result "1-0"]
[WhiteElo "2490"]
[BlackElo "2650"]
[PlyCount "83"]
[EventDate "1995.10.14"]
[EventType "team-tourn"]
[EventRounds "15"]
[EventCountry "GER"]
[SourceTitle "GER-chT"]
[Source "ChessBase"]
[SourceDate "1999.07.01"]
[SourceVersion "1"]
[SourceVersionDate "1999.07.01"]
[SourceQuality "1"]
[WhiteTeam "Bamberg"]
[BlackTeam "Duisburg"]
[WhiteTeamCountry "GER"]
[BlackTeamCountry "GER"]

1. c4 g6 2. g3 Bg7 3. Bg2 Nf6 4. Nc3 0-0 5. Nf3 d6 6. 0-0 c6 7. d3 Re8 8. h3 e5 9. e4 a6 10. b4 Nbd7 11. Rb1 Nf8 12. a4 a5 13. b5 Ne6 14. Re1 Nd7 15. Be3 Qf6 16. Ne2 Ndc5 17. Qc2 Bd7 18. Rbd1 cxb5 19. axb5 a4 20. Nc3 Nd4 21. Nxd4 exd4 22. Nd5 Qd8 23. Bd2 Be6 24. Nf4 Qc7 25. Bb4 Nb3 26. Qb2 Bf6 27. Ne2 Bg7 28. Qa3 Red8 29. Nf4 Bh6 30. Nxe6 fxe6 31. e5 dxe5 32. c5 Bg7 33. Re2 Rdc8 34. Rc2 Bf8 35. b6 Qd7 36. c6 bxc6 37. Bxf8 Rxf8 38. Bxc6 Qd8 39. Bxa8 Qxa8 40. Qe7 Qf3 41. Qxe6+ Rf7 42. Re1 1-0

[Event "BL2-Ost 9495"]
[Site "Germany"]
[Date "1995.??.??"]
[Round "4.1"]
[White "Naumann, Alexander"]
[Black "Pfleger, Helmut"]
[Result "1/2-1/2"]
[WhiteElo "2235"]
[BlackElo "2500"]
[PlyCount "65"]
[EventDate "1994.10.??"]
[EventType "team-tourn"]
[EventRounds "9"]
[EventCountry "GER"]
[SourceTitle "GER-chT2"]
[Source "ChessBase"]
[SourceDate "1999.07.01"]
[SourceVersion "1"]
[SourceVersionDate "1999.07.01"]
[SourceQuality "1"]
[WhiteTeam "Sachsen Anhalt"]
[BlackTeam "Bamberg"]
[WhiteTeamCountry "GER"]
[BlackTeamCountry "GER"]

1. d4 d5 2. Nf3 Nf6 3. c4 e6 4. Nc3 Be7 5. Bg5 0-0 6. e3 h6 7. Bh4 b6 8. Be2 Bb7 9. Bxf6 Bxf6 10. cxd5 exd5 11. b4 Qd6 12. Qb3 c6 13. 0-0 Nd7 14. Rfe1 a5 15. bxa5 Rxa5 16. a4 Be7 17. Rab1 Bd8 18. e4 dxe4 19. Nxe4 Qf4 20. Ned2 Ra7 21. Bc4 c5 22. d5 Nf6 23. Nf1 Ba6 24. Rbc1 Re8 25. Ne3 Re4 26. Nd2 Rd4 27. g3 Qc7 28. Bxa6 Rxd2 29. Bb5 Qc8 30. Qb4 Ra2 31. Qb3 Rd2 32. Qb4 Ra2 33. Qb3 1/2-1/2

[Event "BL2-Ost 9495"]
[Site "Germany"]
[Date "1995.??.??"]
[Round "1.1"]
[White "Pfleger, Helmut"]
[Black "Jansa, Vlastimil"]
[Result "0-1"]
[WhiteElo "2500"]
[BlackElo "2500"]
[PlyCount "69"]
[EventDate "1994.10.??"]
[EventType "team-tourn"]
[EventRounds "9"]
[EventCountry "GER"]
[SourceTitle "GER-chT2"]
[Source "ChessBase"]
[SourceDate "1999.07.01"]
[SourceVersion "1"]
[SourceVersionDate "1999.07.01"]
[SourceQuality "1"]
[WhiteTeam "Bamberg"]
[BlackTeam "Forchheim"]
[WhiteTeamCountry "GER"]
[BlackTeamCountry "GER"]

1. Nf3 d6 2. d4 Bg4 3. c4 Nd7 4. Qb3 Rb8 5. g3 g6 6. Bg2 Bg7 7. d5 c6 8. Nc3 Ngf6 9. Be3 Qa5 10. Nd4 c5 11. Nc2 a6 12. Bd2 b5 13. cxb5 axb5 14. f3 b4 15. Nd1 Bf5 16. e4 Ne5 17. exf5 c4 18. Qe3 Nxd5 19. Qe2 Nd3+ 20. Kf1 Nxb2 21. Nxb2 Bxb2 22. Re1 0-0 23. Qxc4 Rfc8 24. Qd3 Qxa2 25. f4 Nf6 26. Nxb4 Qa4 27. Nd5 Rb3 28. Qe2 Rc2 29. fxg6 hxg6 30. Nxf6+ Bxf6 31. Be4 Rcb2 32. Bd5 Ra3 33. Kg2 Qd4 34. Qe4 Qxd2+ 35. Kh3 0-1

[Event "Bundesliga 9394"]
[Site "Germany"]
[Date "1994.01.30"]
[Round "7.1"]
[White "Pfleger, Helmut"]
[Black "Lobron, Eric"]
[Result "1/2-1/2"]
[WhiteElo "2485"]
[BlackElo "2570"]
[PlyCount "101"]
[EventDate "1993.11.06"]
[EventType "team-tourn"]
[EventRounds "15"]
[EventCountry "GER"]
[SourceTitle "GER-chT"]
[Source "ChessBase"]
[SourceDate "1999.07.01"]
[SourceVersion "1"]
[SourceVersionDate "1999.07.01"]
[SourceQuality "1"]
[WhiteTeam "Bamberg"]
[BlackTeam "Stadthagen"]
[WhiteTeamCountry "GER"]
[BlackTeamCountry "GER"]

1. Nf3 d6 2. d4 Bg4 3. c4 Nd7 4. Nc3 e5 5. e3 Ngf6 6. Be2 c6 7. 0-0 Be7 8. b3 0-0 9. Bb2 Re8 10. Qc2 Bf8 11. dxe5 dxe5 12. Rad1 e4 13. Nd4 Qc7 14. h3 Bxe2 15. Ncxe2 g6 16. Bc3 Bg7 17. Nf4 a6 18. Qb2 Re7 19. Rd2 Rae8 20. Rfd1 Ne5 21. Nc2 g5 22. Ne2 Nh5 23. Ne1 f5 24. Qa3 f4 25. Qd6 Qxd6 26. Rxd6 Nf7 27. Rd7 Bxc3 28. Nxc3 Nf6 29. Rxe7 Rxe7 30. Nc2 Kg7 31. Na4 Kg6 32. Nc5 a5 33. Nd4 Ne5 34. Ne2 fxe3 35. fxe3 b6 36. Na4 b5 37. Nb2 Rd7 38. Rxd7 Nfxd7 39. cxb5 cxb5 40. Nc3 Nd3 41. Nxd3 exd3 42. Nxb5 Nc5 43. Nc3 g4 44. hxg4 Kg5 45. Kf2 Kxg4 46. Nd5 Ne4+ 47. Ke1 h5 48. a3 Kg3 49. Nf4 h4 50. Ng6 Kg4 51. Ne5+ 1/2-1/2

[Event "BL2-Ost 9293"]
[Site "Germany"]
[Date "1993.??.??"]
[Round "?.1"]
[White "Pfleger, Helmut"]
[Black "Malich, Burkhard"]
[Result "1/2-1/2"]
[WhiteElo "2485"]
[BlackElo "2415"]
[PlyCount "83"]
[EventDate "1992.10.??"]
[EventType "team-tourn"]
[EventRounds "9"]
[EventCountry "GER"]
[SourceTitle "GER-chT2"]
[Source "ChessBase"]
[SourceDate "1999.07.01"]
[SourceVersion "1"]
[SourceVersionDate "1999.07.01"]
[SourceQuality "1"]
[WhiteTeam "Bamberg"]
[BlackTeam "Halle"]
[WhiteTeamCountry "GER"]
[BlackTeamCountry "GER"]

1. Nf3 d5 2. c4 e6 3. g3 Nf6 4. Bg2 Be7 5. 0-0 0-0 6. b3 c5 7. cxd5 Nxd5 8. Bb2 Bf6 9. d4 Nc6 10. e4 Nb6 11. e5 Be7 12. dxc5 Bxc5 13. Nc3 Nb4 14. Ne4 Be7 15. Nd4 N4d5 16. Qe2 Bd7 17. Rac1 Rc8 18. Rxc8 Qxc8 19. f4 a6 20. g4 f6 21. exf6 gxf6 22. g5 fxg5 23. Nxg5 Bxg5 24. fxg5 Rxf1+ 25. Bxf1 Qf8 26. Qe5 Qf4 27. Nf3 Qe3+ 28. Qxe3 Nxe3 29. Bd3 Nbd5 30. Ne5 Be8 31. Bd4 Nf5 32. Bxf5 exf5 33. Kf2 Nb4 34. Bc3 Nd5 35. Bd2 Kg7 36. h4 Kf8 37. Ke2 Bb5+ 38. Kf3 Be8 39. a4 Ke7 40. a5 Bh5+ 41. Kg3 Kd6 42. Nd3 1/2-1/2

[Event "BL2-Ost 9293"]
[Site "Germany"]
[Date "1993.??.??"]
[Round "?.1"]
[White "Womacka, Mathias"]
[Black "Pfleger, Helmut"]
[Result "1/2-1/2"]
[WhiteElo "2430"]
[BlackElo "2485"]
[PlyCount "141"]
[EventDate "1992.10.??"]
[EventType "team-tourn"]
[EventRounds "9"]
[EventCountry "GER"]
[SourceTitle "GER-chT2"]
[Source "ChessBase"]
[SourceDate "1999.07.01"]
[SourceVersion "1"]
[SourceVersionDate "1999.07.01"]
[SourceQuality "1"]
[WhiteTeam "Chemnitz Lok"]
[BlackTeam "Bamberg"]
[WhiteTeamCountry "GER"]
[BlackTeamCountry "GER"]

1. e4 d6 2. d4 Nf6 3. Nc3 g6 4. f4 Bg7 5. Nf3 0-0 6. Bd3 Na6 7. e5 Ne8 8. Be3 c5 9. dxc5 Nxc5 10. Bxc5 dxc5 11. 0-0 Nc7 12. Qe2 Ne6 13. Qe3 Nd4 14. Ng5 b6 15. Rad1 Bg4 16. Rd2 h6 17. Nge4 Qd7 18. Nb1 Be6 19. c3 Nc6 20. Bc4 Qc8 21. Na3 Bxc4 22. Nxc4 Qe6 23. Qe2 Rad8 24. Rfd1 Rxd2 25. Rxd2 Rd8 26. Rxd8+ Nxd8 27. Qd3 Nc6 28. a4 f6 29. exf6 exf6 30. Ne3 f5 31. Nd2 Na5 32. Qd5 Kf7 33. Kf2 Qxd5 34. Nxd5 Ke6 35. Nc7+ Kd7 36. Nb5 a6 37. Na3 Kc6 38. Ke2 b5 39. axb5+ axb5 40. Nc2 Nb7 41. Nf3 Bf6 42. Ne3 Kd6 43. Kd2 Ke6 44. b4 cxb4 45. cxb4 Nd8 46. Kd3 Nc6 47. Nc2 Kd5 48. Ne3+ Kd6 49. Nc2 Kd5 50. Ne3+ Ke6 51. Nc2 Kd6 52. g3 Kd5 53. Ne3+ Ke6 54. Nc2 Kd6 55. Nfe1 Kd5 56. Nf3 g5 57. Ne3+ Ke6 58. Nc2 Kd5 59. Ne3+ Ke6 60. Nc2 g4 61. Nd2 Bd8 62. Nf1 Be7 63. Kc3 Kd5 64. Nd2 Bf6+ 65. Kd3 Nd4 66. Ne3+ Ke6 67. Nb1 Nc6 68. Na3 Nxb4+ 69. Ke2 Nd5 70. Nxb5 Nxe3 71. Kxe3 1/2-1/2

[Event "Bundesliga 9192"]
[Site "Germany"]
[Date "1992.??.??"]
[Round "?.2"]
[White "Pfleger, Helmut"]
[Black "Luther, Thomas"]
[Result "1/2-1/2"]
[WhiteElo "2495"]
[BlackElo "2490"]
[PlyCount "145"]
[EventDate "1991.10.12"]
[EventType "team-tourn"]
[EventRounds "15"]
[EventCountry "GER"]
[SourceTitle "GER-chT"]
[Source "ChessBase"]
[SourceDate "1999.07.01"]
[SourceVersion "1"]
[SourceVersionDate "1999.07.01"]
[SourceQuality "1"]
[WhiteTeam "Bamberg"]
[BlackTeam "Sindelfingen"]
[WhiteTeamCountry "GER"]
[BlackTeamCountry "GER"]

1. c4 e6 2. Nf3 Nf6 3. g3 d5 4. Bg2 dxc4 5. Qa4+ Nbd7 6. Qxc4 c5 7. 0-0 b6 8. b3 Bb7 9. Bb2 Be7 10. d3 0-0 11. Nbd2 Rc8 12. Rac1 Nb8 13. Rfd1 Nc6 14. Ne5 Nxe5 15. Bxe5 Bxg2 16. Kxg2 Qd5+ 17. Nf3 Rfd8 18. Qa6 Qa8 19. Bb2 Nd7 20. Rc2 Nb8 21. Qa4 Nc6 22. a3 Qb7 23. Kg1 Bf8 24. Rdc1 Ne7 25. Qg4 Qd5 26. Nd2 Ng6 27. b4 Qd7 28. bxc5 Rxc5 29. Rxc5 Bxc5 30. h4 f5 31. Qc4 Qd6 32. Kg2 Ne5 33. Bxe5 Qxe5 34. Nf3 Qd5 35. a4 Qxc4 36. Rxc4 Kf8 37. d4 Bd6 38. Ng5 Ke7 39. Nxh7 a6 40. Rc6 Rb8 41. Ng5 Kd7 42. Rc1 b5 43. axb5 axb5 44. Nf7 b4 45. Kf3 Ke7 46. Nxd6 Kxd6 47. Ke3 b3 48. Kd3 b2 49. Rb1 Kd5 50. Kc3 Rc8+ 51. Kxb2 Kxd4 52. Rc1 Rb8+ 53. Kc2 Ke5 54. Kd3 Kf6 55. f4 Ra8 56. Rc3 Ra4 57. Ke3 Ra1 58. Kf2 Rb1 59. Rc5 Ra1 60. Re5 Ra4 61. Kf3 Ra1 62. e3 Rf1+ 63. Kg2 Ra1 64. g4 fxg4 65. Rg5 Ra2+ 66. Kg3 Re2 67. Re5 Re1 68. Kxg4 g6 69. h5 gxh5+ 70. Kxh5 Rg1 71. e4 Re1 72. Kg4 Re3 73. Kh4 1/2-1/2

[Event "Bundesliga 9192"]
[Site "Germany"]
[Date "1991.??.??"]
[Round "?.2"]
[White "Dizdar, Goran"]
[Black "Pfleger, Helmut"]
[Result "0-1"]
[WhiteElo "2530"]
[BlackElo "2495"]
[PlyCount "67"]
[EventDate "1991.10.12"]
[EventType "team-tourn"]
[EventRounds "15"]
[EventCountry "GER"]
[SourceTitle "GER-chT"]
[Source "ChessBase"]
[SourceDate "1999.07.01"]
[SourceVersion "1"]
[SourceVersionDate "1999.07.01"]
[SourceQuality "1"]
[WhiteTeam "Koblenz"]
[BlackTeam "Bamberg"]
[WhiteTeamCountry "GER"]
[BlackTeamCountry "GER"]

1. Nf3 d5 2. g3 Nf6 3. Bg2 g6 4. b3 Bg7 5. Bb2 0-0 6. 0-0 c6 7. c4 a5 8. d3 a4 9. Na3 Na6 10. Nc2 Re8 11. Qc1 Qb6 12. Bd4 c5 13. Be5 axb3 14. axb3 Rd8 15. Qb2 Ne8 16. cxd5 Rxd5 17. Bxg7 Nxg7 18. Ne5 Rd8 19. Nc4 Qe6 20. Rfe1 Nf5 21. b4 cxb4 22. Nxb4 Nd4 23. Nxa6 Rxa6 24. Rxa6 bxa6 25. e3 Nb5 26. Qc2 Qf5 27. Be4 Qh5 28. d4 Be6 29. Nb6 Nd6 30. Bg2 Bh3 31. Qc5 Nf5 32. Bxh3 Qxh3 33. Nd5 Re8 34. Qc6 0-1

[Event "Bundesliga 9192"]
[Site "Germany"]
[Date "1991.??.??"]
[Round "?.2"]
[White "Pfleger, Helmut"]
[Black "Lutz, Christopher"]
[Result "1/2-1/2"]
[WhiteElo "2495"]
[BlackElo "2545"]
[PlyCount "72"]
[EventDate "1991.10.12"]
[EventType "team-tourn"]
[EventRounds "15"]
[EventCountry "GER"]
[SourceTitle "GER-chT"]
[Source "ChessBase"]
[SourceDate "1999.07.01"]
[SourceVersion "1"]
[SourceVersionDate "1999.07.01"]
[SourceQuality "1"]
[WhiteTeam "Bamberg"]
[BlackTeam "Koeln Porz"]
[WhiteTeamCountry "GER"]
[BlackTeamCountry "GER"]

1. d4 Nf6 2. g3 d5 3. Bg2 c6 4. Nf3 Bg4 5. 0-0 e6 6. Nbd2 Be7 7. c4 Nbd7 8. Qb3 Qb6 9. h3 Bh5 10. Qxb6 axb6 11. b3 Bb4 12. a4 Ne4 13. g4 Bg6 14. Nxe4 dxe4 15. Nd2 Bc3 16. Ra2 Bxd4 17. Nxe4 Bxe4 18. Bxe4 Nc5 19. Bc2 Na6 20. Be4 Nc5 21. Bc2 0-0-0 22. a5 bxa5 23. Rxa5 Na6 24. Bf4 Bc3 25. Ra4 h5 26. Kg2 hxg4 27. hxg4 Bb4 28. Raa1 Bd6 29. Bxd6 Rxd6 30. Rfd1 Kd7 31. Kg3 Rxd1 32. Rxd1+ Ke7 33. g5 Nb4 34. Be4 Ra8 35. e3 Ra3 36. Rb1 f5 1/2-1/2

[Event "Bundesliga 9091"]
[Site "Germany"]
[Date "1990.??.??"]
[Round "?.2"]
[White "Pfleger, Helmut"]
[Black "Gschnitzer, Oswald"]
[Result "1/2-1/2"]
[WhiteElo "2495"]
[BlackElo "2440"]
[PlyCount "90"]
[EventDate "1990.10.06"]
[EventType "team-tourn"]
[EventRounds "15"]
[EventCountry "GER"]
[SourceTitle "GER-chT"]
[Source "ChessBase"]
[SourceDate "1999.07.01"]
[SourceVersion "1"]
[SourceVersionDate "1999.07.01"]
[SourceQuality "1"]
[WhiteTeam "Bamberg"]
[BlackTeam "Kirchheim"]
[WhiteTeamCountry "GER"]
[BlackTeamCountry "GER"]

1. d4 Nf6 2. c4 c5 3. e3 g6 4. Nf3 Bg7 5. Nc3 0-0 6. Be2 cxd4 7. exd4 d5 8. 0-0 Nc6 9. Bg5 Be6 10. c5 Ne4 11. Be3 b6 12. Qa4 Nxc3 13. bxc3 Na5 14. Rfd1 Qc7 15. Rac1 Rfd8 16. Nd2 Bd7 17. Qa3 bxc5 18. dxc5 Be8 19. Nb3 Nc6 20. Nd4 Bf8 21. c4 dxc4 22. Bxc4 Nxd4 23. Rxd4 Rxd4 24. Bxd4 e5 25. Be3 Bc6 26. Qb3 Rd8 27. h3 Kg7 28. Qc3 Be7 29. Bb3 f5 30. f3 Bf6 31. Rd1 f4 32. Rxd8 Qxd8 33. Bf2 e4 34. Qc4 e3 35. Qf7+ Kh6 36. Be1 Qe7 37. Qc4 Qe5 38. Kh2 e2 39. Qf7 Qe7 40. Qc4 Qe3 41. Qe6 Qxe6 42. Bxe6 Bb5 43. g3 Bd4 44. gxf4 Bxc5 45. Kg3 Kg7 1/2-1/2

[Event "Bundesliga 9091"]
[Site "Germany"]
[Date "1990.??.??"]
[Round "?.2"]
[White "Pfleger, Helmut"]
[Black "Ribli, Zoltan"]
[Result "1/2-1/2"]
[WhiteElo "2495"]
[BlackElo "2610"]
[PlyCount "82"]
[EventDate "1990.10.06"]
[EventType "team-tourn"]
[EventRounds "15"]
[EventCountry "GER"]
[SourceTitle "GER-chT"]
[Source "ChessBase"]
[SourceDate "1999.07.01"]
[SourceVersion "1"]
[SourceVersionDate "1999.07.01"]
[SourceQuality "1"]
[WhiteTeam "Bamberg"]
[BlackTeam "Bayern Muenchen"]
[WhiteTeamCountry "GER"]
[BlackTeamCountry "GER"]

1. Nf3 g6 2. g3 Bg7 3. Bg2 c5 4. 0-0 Nc6 5. c4 e5 6. Nc3 Nge7 7. d3 0-0 8. Rb1 d6 9. a3 a5 10. Ne1 Be6 11. Nc2 d5 12. cxd5 Nxd5 13. Ne4 b6 14. Ng5 Bc8 15. Ne3 Nce7 16. Nxd5 Nxd5 17. Qb3 Bb7 18. Qc4 Qd7 19. Ne4 Ne7 20. Nc3 Bxg2 21. Kxg2 h6 22. b3 Rfd8 23. Bb2 Rac8 24. a4 Nc6 25. Rbd1 Qb7 26. Ne4 Kh7 27. f3 f5 28. Nd2 e4 29. Bxg7 exf3+ 30. Nxf3 Kxg7 31. Kg1 Nd4 32. Rde1 Rc7 33. Qc3 Kh7 34. e4 fxe4 35. dxe4 Re7 36. e5 Qd5 37. Nxd4 Qxd4+ 38. Qxd4 Rxd4 39. Rf6 c4 40. bxc4 Rxc4 41. Rxb6 Rxa4 1/2-1/2

[Event "Bundesliga 8889"]
[Site "Germany"]
[Date "1989.??.??"]
[Round "?.2"]
[White "Thesing, Matthias"]
[Black "Pfleger, Helmut"]
[Result "1/2-1/2"]
[WhiteElo "2365"]
[BlackElo "2500"]
[PlyCount "34"]
[EventDate "1988.10.??"]
[EventType "team-tourn"]
[EventRounds "15"]
[EventCountry "GER"]
[SourceTitle "GER-chT"]
[Source "ChessBase"]
[SourceDate "1999.07.01"]
[SourceVersion "1"]
[SourceVersionDate "1999.07.01"]
[SourceQuality "1"]
[WhiteTeam "Bochum"]
[BlackTeam "Bamberg"]
[WhiteTeamCountry "GER"]
[BlackTeamCountry "GER"]

1. e4 d6 2. d4 Nf6 3. Nc3 g6 4. Nf3 Bg7 5. h3 c6 6. a4 a5 7. Be2 0-0 8. 0-0 Na6 9. Be3 Nb4 10. Qd2 Qc7 11. Rad1 Re8 12. Rfe1 e5 13. dxe5 dxe5 14. Bc5 Nh5 15. Bf1 Nf4 16. Ne2 Nh5 17. Nc3 Nf4 1/2-1/2

[Event "Bundesliga 8990"]
[Site "Germany"]
[Date "1989.??.??"]
[Round "?.2"]
[White "Wockenfuss, Klaus"]
[Black "Pfleger, Helmut"]
[Result "1/2-1/2"]
[WhiteElo "2405"]
[BlackElo "2505"]
[PlyCount "81"]
[EventDate "1989.10.??"]
[EventType "team-tourn"]
[EventRounds "15"]
[EventCountry "GER"]
[SourceTitle "GER-chT"]
[Source "ChessBase"]
[SourceDate "1999.07.01"]
[SourceVersion "1"]
[SourceVersionDate "1999.07.01"]
[SourceQuality "1"]
[WhiteTeam "Zehlendorf"]
[BlackTeam "Bamberg"]
[WhiteTeamCountry "GER"]
[BlackTeamCountry "GER"]

1. e4 d6 2. d4 Nf6 3. Nc3 g6 4. f4 Bg7 5. Nf3 0-0 6. Bd3 Nc6 7. 0-0 Bg4 8. e5 dxe5 9. dxe5 Nd5 10. h3 Nxc3 11. bxc3 Bf5 12. Be3 Qd7 13. Qe2 Rfd8 14. Rad1 Bxd3 15. cxd3 b5 16. d4 e6 17. Ng5 Ne7 18. Ne4 Nd5 19. Bd2 Qc6 20. g4 Qc4 21. Qxc4 bxc4 22. f5 Rab8 23. fxe6 fxe6 24. Nc5 Rb6 25. a4 Bf8 26. a5 Rc6 27. Ne4 Ra6 28. Ra1 Rb8 29. Ra4 Rc6 30. Raa1 Be7 31. Rfb1 Rxb1+ 32. Rxb1 Ra6 33. Ra1 Kf7 34. Ra4 Ke8 35. g5 Kd7 36. Nf6+ Kc6 37. Ra1 Kb5 38. Rb1+ Kc6 39. Ra1 Kb5 40. Rb1+ Kc6 41. Ra1 1/2-1/2

[Event "Bundesliga 8889"]
[Site "Germany"]
[Date "1988.??.??"]
[Round "?.2"]
[White "Berg, Klaus"]
[Black "Pfleger, Helmut"]
[Result "0-1"]
[WhiteElo "2385"]
[BlackElo "2490"]
[PlyCount "72"]
[EventDate "1988.10.??"]
[EventType "team-tourn"]
[EventRounds "15"]
[EventCountry "GER"]
[SourceTitle "GER-chT"]
[Source "ChessBase"]
[SourceDate "1999.07.01"]
[SourceVersion "1"]
[SourceVersionDate "1999.07.01"]
[SourceQuality "1"]
[WhiteTeam "Lasker Steglitz"]
[BlackTeam "Bamberg"]
[WhiteTeamCountry "GER"]
[BlackTeamCountry "GER"]

1. d4 Nf6 2. c4 e6 3. Nc3 d5 4. Bg5 Be7 5. e3 Nbd7 6. cxd5 exd5 7. Bd3 c6 8. Nge2 0-0 9. Qc2 Re8 10. 0-0 a5 11. Rad1 Nf8 12. f3 Ng6 13. e4 dxe4 14. fxe4 Ng4 15. Bxe7 Qxe7 16. Rf3 f6 17. Rdf1 Be6 18. Na4 Nh6 19. Nc5 Bg4 20. R3f2 Rad8 21. Qc4+ Kh8 22. Ng3 b6 23. Nb3 Qd6 24. Nf5 Bxf5 25. exf5 Ng4 26. g3 Nxf2 27. Rxf2 Ne7 28. Be4 Nd5 29. Nd2 Ne3 30. Qxc6 Qxd4 31. Bf3 Nxf5 32. Ne4 Rc8 33. Qb5 Rc1+ 34. Kg2 Ne3+ 35. Kh3 Rxe4 36. Bxe4 Qxe4 0-1

[Event "Bundesliga 8788"]
[Site "Germany"]
[Date "1988.??.??"]
[Round "?.1"]
[White "Ostl, Andreas"]
[Black "Pfleger, Helmut"]
[Result "1/2-1/2"]
[WhiteElo "2320"]
[BlackElo "2485"]
[PlyCount "56"]
[EventDate "1987.10.??"]
[EventType "team-tourn"]
[EventRounds "15"]
[EventCountry "GER"]
[SourceTitle "GER-chT"]
[Source "ChessBase"]
[SourceDate "1999.07.01"]
[SourceVersion "1"]
[SourceVersionDate "1999.07.01"]
[SourceQuality "1"]
[WhiteTeam "Heidelberg"]
[BlackTeam "Bamberg"]
[WhiteTeamCountry "GER"]
[BlackTeamCountry "GER"]

1. Nf3 d5 2. c4 e6 3. g3 Nf6 4. Bg2 Be7 5. 0-0 0-0 6. d4 Nbd7 7. Nbd2 c5 8. b3 cxd4 9. Nxd4 Nb6 10. cxd5 Nfxd5 11. Bb2 e5 12. Nc2 f6 13. Nc4 Be6 14. Nxb6 axb6 15. Qd3 Qd7 16. Rfd1 Rfd8 17. Be4 h6 18. Qf3 f5 19. Bxd5 Bxd5 20. Qh5 Qe6 21. Ne3 Be4 22. Rxd8+ Rxd8 23. Nc4 Bf6 24. Qg6 Bc6 25. Ne3 Rd2 26. Bc3 Rxe2 27. Nxf5 Qd5 28. Nxh6+ Kh8 1/2-1/2

[Event "Bundesliga 8788"]
[Site "Germany"]
[Date "1988.??.??"]
[Round "?.1"]
[White "Pfleger, Helmut"]
[Black "Gutman, Lev"]
[Result "1/2-1/2"]
[WhiteElo "2485"]
[BlackElo "2465"]
[PlyCount "29"]
[EventDate "1987.10.??"]
[EventType "team-tourn"]
[EventRounds "15"]
[EventCountry "GER"]
[SourceTitle "GER-chT"]
[Source "ChessBase"]
[SourceDate "1999.07.01"]
[SourceVersion "1"]
[SourceVersionDate "1999.07.01"]
[SourceQuality "1"]
[WhiteTeam "Bamberg"]
[BlackTeam "Koblenz"]
[WhiteTeamCountry "GER"]
[BlackTeamCountry "GER"]

1. Nf3 Nf6 2. g3 g6 3. Bg2 Bg7 4. 0-0 0-0 5. d4 d5 6. c4 dxc4 7. Na3 a5 8. Nxc4 Be6 9. Nce5 Bd5 10. Bf4 Na6 11. a3 c5 12. Rc1 Rc8 13. Qa4 Ne4 14. Rfd1 Nd6 15. Bd2 1/2-1/2

[Event "Bundesliga 8889"]
[Site "Germany"]
[Date "1988.??.??"]
[Round "?.2"]
[White "Pfleger, Helmut"]
[Black "Hausner, Ivan"]
[Result "1/2-1/2"]
[WhiteElo "2490"]
[BlackElo "2435"]
[PlyCount "27"]
[EventDate "1988.10.??"]
[EventType "team-tourn"]
[EventRounds "15"]
[EventCountry "GER"]
[SourceTitle "GER-chT"]
[Source "ChessBase"]
[SourceDate "1999.07.01"]
[SourceVersion "1"]
[SourceVersionDate "1999.07.01"]
[SourceQuality "1"]
[WhiteTeam "Bamberg"]
[BlackTeam "Delmenhorst"]
[WhiteTeamCountry "GER"]
[BlackTeamCountry "GER"]

1. c4 g6 2. g3 Bg7 3. Bg2 d6 4. Nc3 Nf6 5. Nf3 0-0 6. 0-0 Nbd7 7. d3 e5 8. Rb1 Re8 9. b4 e4 10. dxe4 Nxe4 11. Nxe4 Rxe4 12. Nd2 Re8 13. Bb2 Nf6 14. e4 1/2-1/2

[Event "Royan"]
[Site "Royan"]
[Date "1988.??.??"]
[Round "?"]
[White "Pfleger, Helmut"]
[Black "Kortschnoj, Viktor Lvovich"]
[Result "1/2-1/2"]
[WhiteElo "2485"]
[BlackElo "2640"]
[PlyCount "24"]
[EventDate "1988.??.??"]
[EventType "tourn"]
[EventRounds "9"]
[EventCountry "FRA"]
[EventCategory "10"]
[SourceTitle "CBM 009"]
[Source "ChessBase"]
[SourceDate "1989.04.01"]
[SourceVersion "1"]
[SourceVersionDate "1989.04.01"]
[SourceQuality "1"]

1. d4 d5 2. c4 c6 3. cxd5 cxd5 4. Nc3 Nf6 5. Nf3 Nc6 6. g3 g6 7. Bg2 Bg7 8. 0-0 0-0 9. Bf4 Bf5 10. Ne5 Rc8 11. Rc1 Ne4 12. Nxc6 Rxc6 1/2-1/2